Food economics : industry and markets. (Record no. 12145)

MARC details
000 -LEADER
fixed length control field 00389nam a22001577a 4500
003 - CONTROL NUMBER IDENTIFIER
control field OSt
005 - DATE AND TIME OF LATEST TRANSACTION
control field 20211012170106.0
008 - FIXED-LENGTH DATA ELEMENTS--GENERAL INFORMATION
fixed length control field 211012b |||||||| |||| 00| 0 eng d
040 ## - CATALOGING SOURCE
Transcribing agency HU
082 ## - DEWEY DECIMAL CLASSIFICATION NUMBER
Classification number 381.41
100 ## - MAIN ENTRY--PERSONAL NAME
Personal name Hansen, Henning Otte
9 (RLIN) 13028
111 ## - MAIN ENTRY--MEETING NAME
Meeting name or jurisdiction name as entry element -
Location of meeting -
Subordinate unit -
Relator term -
9 (RLIN) 13029
245 ## - TITLE STATEMENT
Title Food economics : industry and markets.
300 ## - PHYSICAL DESCRIPTION
Extent 420P
Other physical details PC
Dimensions 23CM
942 ## - ADDED ENTRY ELEMENTS (KOHA)
Source of classification or shelving scheme Dewey Decimal Classification
Koha item type Books like text book referance book
Suppress in OPAC No
Holdings
Withdrawn status Lost status Source of classification or shelving scheme Damaged status Not for loan Collection code Home library Current library Shelving location Date acquired Total Checkouts Full call number Barcode Date last seen Copy number Price effective from Koha item type
    Dewey Decimal Classification     Non-fiction Wondo Genet Library Wondo Genet Library General Stacks 10/12/2021   381.41 HEN 2013 WGCFNRL00004343 10/12/2021 1 10/12/2021 Books like text book referance book
    Dewey Decimal Classification     Non-fiction Wondo Genet Library Wondo Genet Library General Stacks 10/12/2021   381.41 HEN 2013 WGCFNRL00004344 10/12/2021 2 10/12/2021 Books like text book referance book
    Dewey Decimal Classification     Non-fiction Wondo Genet Library Wondo Genet Library General Stacks 10/12/2021   381.41 HEN 2013 WGCFNRL00004345 10/12/2021 3 10/12/2021 Books like text book referance book